|
|
|
|
| LEADER |
00662ngm a2200205 i 4500 |
| 001 |
eta5365 |
| 005 |
20220419101313.0 |
| 008 |
210317s2021 hu o 0|| hun d |
| 040 |
|
|
|a SZTE Elektronikus Tananyag Archívum
|b hun
|
| 041 |
|
|
|a hun
|
| 100 |
1 |
|
|a Nógrádi Antal
|
| 245 |
1 |
0 |
|a Systema digestorium 3.
|h [elektronikus dokumentum] /
|c Nógrádi Antal
|
| 260 |
|
|
|c 2021-03-15
|
| 516 |
|
|
|a Video
|
| 650 |
|
4 |
|a Orvos- és egészségtudomány
|
| 650 |
|
4 |
|a Általános orvostudomány
|
| 650 |
|
4 |
|a Anatómia és morfológia
|
| 650 |
|
4 |
|a Humán anatómia
|
| 695 |
|
|
|a anatómia
|
| 856 |
4 |
0 |
|u https://eta.bibl.u-szeged.hu/5365/1/206_hun_-_sys_dig_3.mp4
|z Dokumentum-elérés
|